000 00372nam a2200169Ia 4500
003 0STCL
008 150530s9999 xx 000 0 und d
040 _aSTCL
_cSTCL
100 _aKunal Shrivastav
245 _aPandav Bheem
260 _bUmesh; Delhi
_c1980
_aDelhi
300 _a0
546 _aHindi
942 _2ddc
_cBK
999 _c63743
_d63743
005 20220125171231.0